000 00626nam a2200193 i 4500
001 170864
003 ES-MaACL
005 20260217063017.0
008 090413s1888 fr |||| | fre d
080 _a792(44)
100 1 _aSoubies, Albert,
_d1846-1918
_9132849
245 1 4 _aUne première par jour :
_bcauseries sur le théâtre /
_cAlbert Soubies.
260 _aParis :
_bA. Dupret,
_c1888.
300 _aVI, 443 p., [1] h. ;
_c19 cm.
500 _aÍndice.
650 4 _aTeatro-
_zFrancia-
_yS.XIX.
_9174697
852 4 _aES-MaACL
_jE-12575
_z- Biblioteca Jacinto Martínez Lacalle
999 _c170864
_d170864